El viento de los sepulcros / (Record no. 29266)
[ view plain ]
| 000 -CABECERA | |
|---|---|
| campo de control de longitud fija | 00439nam a2200157 a 4500 |
| 001 - NÚMERO DE CONTROL | |
| campo de control | 000029774 |
| 005 - FECHA Y HORA DE LA ÚLTIMA TRANSACCIÓN | |
| campo de control | 20200930055809.0 |
| 008 - DATOS DE LONGITUD FIJA--INFORMACIÓN GENERAL | |
| campo de control de longitud fija | 110425s199- dr a r 000 f spa d |
| 040 ## - FUENTE DE LA CATALOGACIÓN | |
| Centro catalogador/agencia de origen | DO-SdBNP |
| Lengua de catalogación | spa |
| Centro/agencia transcriptor | BNPHU |
| 082 ## - NÚMERO DE LA CLASIFICACIÓN DECIMAL DEWEY | |
| Número de clasificación | xxx |
| Número de documento/Ítem | F385v |
| 049 ## - FONDOS LOCALES (OCLC) | |
| Fondos de biblioteca | BNGR |
| 100 1# - ENTRADA PRINCIPAL--NOMBRE DE PERSONA | |
| Nombre de persona | Ferrer, José |
| 9 (RLIN) | 10612 |
| 245 13 - MENCIÓN DE TÍTULO | |
| Título | El viento de los sepulcros / |
| Mención de responsabilidad, etc. | José Ferrer. |
| 260 ## - PUBLICACIÓN, DISTRIBUCIÓN, ETC. | |
| Lugar de publicación, distribución, etc. | Santo Domingo : |
| Nombre del editor, distribuidor, etc. | Sánchez Ramírez, |
| Fecha de publicación, distribución, etc. | 199-. |
| 300 ## - DESCRIPCIÓN FÍSICA | |
| Extensión | 45 p. : |
| Otras características físicas | il. ; |
| Dimensiones | 21 cm. |
| Estado de retiro | Estado de pérdida | No para préstamo | Código de colección | Localización permanente | Ubicación/localización actual | Ubicación en estantería | Fecha de adquisición | Número de inventario | Total de préstamos | Signatura topográfica completa | Código de barras | Fecha visto por última vez | Número de copia | Precio válido a partir de | Tipo de ítem Koha |
|---|---|---|---|---|---|---|---|---|---|---|---|---|---|---|---|
| Excluido de préstamo | Patrimonio Dominicano | General | General | En catalogación | 25.04.2011 | LF1 | xxx F385v | 29774-20 | 25.06.2020 | e. 2 | 25.06.2020 | Libro y Folleto Colección Patrimonio Dominicano | |||
| Excluido de préstamo | Patrimonio Dominicano | General | General | En catalogación | 25.04.2011 | LF1 | RD863.5 A577c | 29774-10 | 25.06.2020 | 25.06.2020 | Libro y Folleto Colección Patrimonio Dominicano |
